000 00961nam a2200289 i 4500
003 EG-GICUC
005 20260425215533.0
008 260425s1992 fr ||||fr|||| 00| 0 fre d
020 _a2711121534
040 _aEG-GiCUC
_bfre
_cEG-GiCUC
_dEG-GiCUC
_eRda
082 0 4 _221
_a343.93040
_bLI . M
092 0 4 _221
099 _aLaw1 10 343.93040 LI . M 1992
110 _aÉditions Litec
_eAuteur
245 _aMélanges Offerts À Georges Levasseur:
_bDroit Pénal, Droit Européen/
_cÉditions Litec.
264 1 _aParis:
_bGazette Du Palais-Librairie De La Cour De Cassation,
_c1992.
300 _a488 page ;
_c 24 cm.
336 _2rda contenu
_a texte
337 _2rda medias
_aOrdinateur
338 _2 transporteur rda
_a Ressource en ligne
546 _aTexte en français
650 1 _aDroit Pénal
650 1 _aPolitique Criminelle
856 4 0 _uhttps://fll.law.cu.edu.eg/fulltext/bks/B10-11119.pdf
905 _a59
942 _2ddc
_n0
_cBK
_e21
999 _c73368
_d73368